79/99 : vint anys d'ajuntaments democràtics / fotografies: Colita, Paco Elvira ; textos: Joan Barril ... [et al.] vint anys d'ajuntaments democràtics / fotografies:
Descripción Física:
302 p. : il., col. ; 32 cm
MARC
| LEADER | 00000nam a2200000Ia 4500 | ||
|---|---|---|---|
| 001 | 12245 | ||
| 003 | AGDB | ||
| 005 | 20260324175325.0 | ||
| 008 | 160829s1999 xx 000 0 cat d | ||
| 080 | |a FOL-1-47 | ||
| 245 | |a 79/99 : |b vint anys d'ajuntaments democràtics / fotografies: |b Colita, Paco Elvira ; textos: |b Joan Barril ... [et al.] | ||
| 260 | |a Barcelona : |b Diputació de Barcelona, |c 1999 | ||
| 300 | |a 302 p. : |b il., col. ; |c 32 cm | ||
| 650 | 0 | |a Municipis |x Govern i administració |y 1979-1999 |9 6904 | |
| 700 | |a Colita, |d 1940-2023 |e fotografies |9 21005 | ||
| 700 | 1 | |a Elvira, Paco, |d 1948-2013 |e fotografies |9 27000 | |
| 700 | |a Barril, Joan, |d 1952-2014 |e autor |9 30969 | ||
| 710 | 1 | |a Barcelona (Catalunya : Província). |b Diputació |9 52408 | |
| 901 | |a Arxiu | ||
| 942 | |n 1 |2 udc |c ARXIU | ||
| 952 | |0 0 |1 0 |4 0 |6 FOL147 |7 1 |9 44233 |a Arxiu |b Arxiu |d 2016-12-01 |l 0 |o FOL-1-47 |p 12245 |r 2016-12-01 00:00:00 |w 2016-12-01 |y ARXIU | ||
| 999 | |c 46813 |d 46813 | ||